Zwycięzcy turniejów wielkoszlemowych 1991-2000 - zdjęcia. - Statystyki

Ogólne statystyki
  • Ten quiz został rozwiązany 9 razy
  • Średni wynik to 9 z 15
Statystyki odpowiedzi
Obrazkowy Odpowiedź % Poprawnych
Andre Agassi
100%
Boris Becker
100%
Pete Sampras
86%
Gustavo Kuerten
71%
Marat Safin
71%
Petr Korda
71%
Stefan Edberg
71%
Jim Courier
57%
Carlos Moya
43%
Patrick Rafter
43%
Richard Krajicek
43%
Thomas Muster
43%
Jewgienij Kafielnikow
29%
Michael Stich
29%
Sergi Bruguera
29%
Nie znaleziono quizów pasujących do podanych kryteriów
Rozkład punktacji
Procent ludzi z każdym wynikiem
Percentyl według liczby udzielonych odpowiedzi
Twoja historia wyników
Nie rozwiązałeś tego quizu